00778 2200277 4500001002100000005001700021008004100038020001800079035002400097043001300121082001200134090001900146100001600165245006700181250001100248260002500259300003000284440002200314500005100336650001500387700002000402850001200422990002200434990002200456990002200478YOGYA-0209000001695120090227022713.0 ind  a979-431-408-0 0010-020900000016951 aYOPDYOGB a616.692 a616.692bLee M aLEE, Kerrie aMengatasi kemandulancKerrie Lee ; alih bahasa, Liliana Wijaya aCet. 1 aJakartabArcanc2000 avii, 112 hlmbilusc19 cm aKesehatan populer aJudul asli : Fertility why can't I have a baby aPemandulan aWIJAYA, Liliana aYOPDYOG a2240-BPAD/P.02b1 a2241-BPAD/P.02b1 a2242-BPAD/P.02b1